[Event "FICGS W-ch final email"]
[Site "FICGS email"]
[Date "2013.07.29"]
[Round "1"]
[White "Lim, Steve"]
[Black "Schutte, John"]
[Result "1/2-1/2"]
[WhiteElo "2304"]
[BlackElo "2297"]
[PlyCount "73"]
[EventDate "2013.??.??"]
[EventType "tourn (corr)"]
[EventRounds "6"]
[EventCategory "5"]
[SourceTitle "Corr 2022"]
[Source "ChessBase"]
[SourceDate "2021.10.24"]
[SourceVersion "1"]
[SourceVersionDate "2021.10.24"]
[SourceQuality "1"]

1. e4 c5 2. Nf3 d6 3. d4 cxd4 4. Nxd4 Nf6 5. Nc3 a6 6. Be3 e5 7. Nb3 Be6 8. f3 h5 9. Nd5 Bxd5 10. exd5 Nbd7 11. Qd2 g6 12. 0-0-0 Nb6 13. Kb1 Nbxd5 14. Bg5 Be7 15. g3 Nb6 16. Bxf6 Bxf6 17. Qxd6 Na4 18. Bc4 Qxd6 19. Rxd6 Be7 20. Rdd1 Nb6 21. Bd3 0-0-0 22. Rhe1 Bd6 23. c4 Na4 24. c5 Bxc5 25. Re4 Bd4 26. Nxd4 Rxd4 27. Rxd4 exd4 28. Bc4 Rf8 29. Rxd4 Nb6 30. Bb3 Kc7 31. Re4 Kd6 32. f4 Nd7 33. Rd4+ Ke7 34. Rc4 Kd6 35. Bd1 a5 36. Bf3 Nc5 37. a3 1/2-1/2

[Event "FICGS class M 000010 email"]
[Site "FICGS email"]
[Date "2013.05.27"]
[Round "1"]
[White "Lim, Steve"]
[Black "Gray, Garvin"]
[Result "1/2-1/2"]
[WhiteElo "2312"]
[BlackElo "2317"]
[PlyCount "46"]
[EventDate "2013.??.??"]
[EventType "tourn (corr)"]
[EventRounds "1"]
[SourceTitle "Corr 2022"]
[Source "ChessBase"]
[SourceDate "2021.10.24"]
[SourceVersion "1"]
[SourceVersionDate "2021.10.24"]
[SourceQuality "1"]

1. d4 d5 2. c4 e6 3. Nf3 Nf6 4. Nc3 c6 5. Bg5 dxc4 6. a4 Nbd7 7. e4 h6 8. Bxf6 Qxf6 9. e5 Qd8 10. Bxc4 Nb6 11. Bd3 Nd5 12. 0-0 a5 13. Qd2 Bd7 14. Ne4 Bb4 15. Qd1 Qb6 16. Rc1 0-0-0 17. Qc2 Kb8 18. Nc5 Bc8 19. Rfd1 Ne7 20. Qc4 Nd5 21. Bf1 f5 22. Nd2 g5 23. Qb3 Bxd2 1/2-1/2

[Event "FICGS class M 000009 email"]
[Site "FICGS email"]
[Date "2013.03.04"]
[Round "1"]
[White "Fric, Lubos"]
[Black "Lim, Steve"]
[Result "1/2-1/2"]
[WhiteElo "2322"]
[BlackElo "2282"]
[PlyCount "76"]
[EventDate "2013.??.??"]
[EventType "tourn (corr)"]
[EventRounds "1"]
[SourceTitle "Corr 2022"]
[Source "ChessBase"]
[SourceDate "2021.10.24"]
[SourceVersion "1"]
[SourceVersionDate "2021.10.24"]
[SourceQuality "1"]

1. e4 e6 2. d4 d5 3. Nc3 Nf6 4. e5 Nfd7 5. f4 c5 6. Nf3 Nc6 7. Be3 cxd4 8. Nxd4 Qb6 9. Qd2 Qxb2 10. Rb1 Qa3 11. Bb5 Nxd4 12. Bxd4 a6 13. Bxd7+ Bxd7 14. Rb3 Qe7 15. Rxb7 Rc8 16. 0-0 Qd8 17. Qf2 Rxc3 18. Bxc3 Qc8 19. Rb3 Ba4 20. Bd4 Bxb3 21. axb3 Be7 22. c3 0-0 23. b4 Qd7 24. Ra1 Ra8 25. f5 exf5 26. Qf1 Qc6 27. Qxf5 Bd8 28. Rf1 Qe6 29. Qxe6 fxe6 30. Kf2 a5 31. Ra1 Kf7 32. Ra4 Ke8 33. c4 dxc4 34. Bc3 Kd7 35. bxa5 Kc6 36. Rxc4+ Kb5 37. Rd4 Bxa5 38. Bxa5 Rxa5 1/2-1/2

[Event "FICGS W-ch st1 gM 01 email"]
[Site "FICGS email"]
[Date "2012.11.01"]
[Round "1"]
[White "Fric, Lubos"]
[Black "Lim, Steve"]
[Result "1/2-1/2"]
[WhiteElo "2265"]
[BlackElo "2281"]
[PlyCount "30"]
[EventDate "2012.??.??"]
[EventType "tourn (corr)"]
[EventRounds "6"]
[EventCategory "1"]
[SourceTitle "Corr 2022"]
[Source "ChessBase"]
[SourceDate "2021.10.24"]
[SourceVersion "1"]
[SourceVersionDate "2021.10.24"]
[SourceQuality "1"]

1. Nf3 Nf6 2. c4 g6 3. d4 Bg7 4. Nc3 d5 5. cxd5 Nxd5 6. e4 Nxc3 7. bxc3 c5 8. Bb5+ Nc6 9. d5 Qa5 10. Rb1 Bxc3+ 11. Bd2 a6 12. Bxc6+ bxc6 13. dxc6 Be6 14. Rc1 Bb4 15. 0-0 Bxd2 1/2-1/2

[Event "FICGS W-ch st1 gM 01 email"]
[Site "FICGS email"]
[Date "2012.11.01"]
[Round "1"]
[White "Lim, Steve"]
[Black "Lubas, Jozef"]
[Result "1-0"]
[WhiteElo "2281"]
[BlackElo "2246"]
[PlyCount "33"]
[EventDate "2012.??.??"]
[EventType "tourn (corr)"]
[EventRounds "6"]
[EventCategory "1"]
[SourceTitle "Corr 2022"]
[Source "ChessBase"]
[SourceDate "2021.10.24"]
[SourceVersion "1"]
[SourceVersionDate "2021.10.24"]
[SourceQuality "1"]

1. d4 Nf6 2. c4 e6 3. Nf3 d5 4. g3 Bb4+ 5. Bd2 Be7 6. Bg2 0-0 7. 0-0 Nc6 8. Qc2 Ne4 9. Bf4 Nb4 10. Qc1 dxc4 11. Ne5 Qxd4 12. a3 Nc6 13. e3 Qd5 14. Rd1 Qa5 15. Nxc6 bxc6 16. Bxe4 g5 17. Nd2 1-0

[Event "FICGS rapid M 000051 email"]
[Site "FICGS email"]
[Date "2012.02.16"]
[Round "1"]
[White "Anderson, Peter W"]
[Black "Lim, Steve"]
[Result "1/2-1/2"]
[WhiteElo "2175"]
[BlackElo "2110"]
[PlyCount "50"]
[EventDate "2012.??.??"]
[EventType "tourn (rapid)"]
[EventRounds "6"]
[SourceTitle "Corr 2022"]
[Source "ChessBase"]
[SourceDate "2021.10.24"]
[SourceVersion "1"]
[SourceVersionDate "2021.10.24"]
[SourceQuality "1"]

1. d4 d5 2. c4 e6 3. Nc3 c6 4. Nf3 dxc4 5. a4 Bb4 6. e4 b5 7. Bd2 a5 8. axb5 Bxc3 9. bxc3 cxb5 10. Qb1 Ba6 11. g3 Nf6 12. Bg2 Nc6 13. 0-0 h6 14. d5 exd5 15. exd5 Nxd5 16. Nh4 Nce7 17. Rd1 0-0 18. Be3 Bb7 19. Qxb5 Bc6 20. Qc5 Rc8 21. Qa3 Re8 22. Bc5 Qc7 23. Bxe7 Nxe7 24. Qxa5 g6 25. Qxc7 Rxc7 1/2-1/2

[Event "FICGS rapid M 000051 email"]
[Site "FICGS email"]
[Date "2012.02.16"]
[Round "1"]
[White "Lim, Steve"]
[Black "Bernal Varela, Nelson"]
[Result "1-0"]
[WhiteElo "2110"]
[BlackElo "2157"]
[PlyCount "47"]
[EventDate "2012.??.??"]
[EventType "tourn (rapid)"]
[EventRounds "6"]
[SourceTitle "Corr 2022"]
[Source "ChessBase"]
[SourceDate "2021.10.24"]
[SourceVersion "1"]
[SourceVersionDate "2021.10.24"]
[SourceQuality "1"]

1. d4 Nf6 2. Nf3 g6 3. c4 Bg7 4. e3 c5 5. d5 0-0 6. Nc3 d6 7. h3 a6 8. a4 a5 9. e4 Na6 10. Bf4 Nh5 11. Be3 Nb4 12. Be2 Nf6 13. 0-0 b6 14. Qd2 Qc7 15. Bh6 Ba6 16. Rad1 Nd7 17. b3 Kh8 18. Bxg7+ Kxg7 19. Nh2 Nf6 20. f4 Rae8 21. Qe3 Nc2 22. Qd3 Nb4 23. Qg3 Qb8 24. Rf2 1-0

[Event "FICGS rapid M 000051 email"]
[Site "FICGS email"]
[Date "2012.02.16"]
[Round "1"]
[White "Puzanov, Vasyl"]
[Black "Lim, Steve"]
[Result "0-1"]
[WhiteElo "2140"]
[BlackElo "2110"]
[PlyCount "42"]
[EventDate "2012.??.??"]
[EventType "tourn (rapid)"]
[EventRounds "6"]
[SourceTitle "Corr 2022"]
[Source "ChessBase"]
[SourceDate "2021.10.24"]
[SourceVersion "1"]
[SourceVersionDate "2021.10.24"]
[SourceQuality "1"]

1. e4 e6 2. d4 d5 3. exd5 exd5 4. Bd3 Nf6 5. c3 Bd6 6. Qf3 0-0 7. h3 c5 8. Bg5 Re8+ 9. Ne2 Qb6 10. b3 Ne4 11. Be3 cxd4 12. Bxd4 Qc7 13. Nd2 Nxd2 14. Kxd2 Nc6 15. Qxd5 Be6 16. Qh5 g6 17. Qh4 Rad8 18. g3 Nxd4 19. Nxd4 Be5 20. Rac1 Bxd4 21. cxd4 Qa5+ 0-1

[Event "FICGS W-ch st1 g07 email"]
[Site "FICGS email"]
[Date "2012.01.01"]
[Round "1"]
[White "Lim, Steve"]
[Black "Jabot, Daniel"]
[Result "1-0"]
[WhiteElo "2110"]
[BlackElo "1824"]
[PlyCount "73"]
[EventDate "2012.??.??"]
[EventType "tourn (corr)"]
[EventRounds "8"]
[SourceTitle "Corr 2022"]
[Source "ChessBase"]
[SourceDate "2021.10.24"]
[SourceVersion "1"]
[SourceVersionDate "2021.10.24"]
[SourceQuality "1"]

1. e4 c5 2. Nf3 d6 3. d4 cxd4 4. Nxd4 Nf6 5. Nc3 g6 6. Be3 Bg7 7. f3 0-0 8. Qd2 Nc6 9. 0-0-0 d5 10. Kb1 Nxd4 11. e5 Nxf3 12. gxf3 Nh5 13. Nxd5 Bf5 14. Bc5 Be6 15. Nxe7+ Kh8 16. Bd6 f6 17. Bd3 fxe5 18. Bxg6 Nf4 19. Be4 Qb6 20. Rdg1 Bf6 21. Ng6+ Nxg6 22. Rxg6 Rad8 23. Rh6 Bg8 24. Rd1 Rd7 25. b3 Rff7 26. c4 Qd8 27. h4 Bg7 28. c5 Rf6 29. Rxf6 Qxf6 30. Qg5 Qf7 31. h5 h6 32. Qg6 Qe6 33. Kc1 Qxg6 34. hxg6 Be6 35. Bb8 Rxd1+ 36. Kxd1 h5 37. Bxb7 1-0

[Event "FICGS W-ch st1 g07 email"]
[Site "FICGS email"]
[Date "2012.01.01"]
[Round "1"]
[White "Matisz, Gergely"]
[Black "Lim, Steve"]
[Result "0-1"]
[WhiteElo "1378"]
[BlackElo "2110"]
[PlyCount "46"]
[EventDate "2012.??.??"]
[EventType "tourn (corr)"]
[EventRounds "8"]
[SourceTitle "Corr 2022"]
[Source "ChessBase"]
[SourceDate "2021.10.24"]
[SourceVersion "1"]
[SourceVersionDate "2021.10.24"]
[SourceQuality "1"]

1. e3 e5 2. d4 exd4 3. exd4 Nf6 4. Nf3 d5 5. Bd3 Bd6 6. 0-0 0-0 7. Bg5 c6 8. Nbd2 h6 9. Bh4 Bg4 10. h3 Bxf3 11. Qxf3 Nbd7 12. c4 Re8 13. c5 Bb8 14. b4 Qc7 15. Bg3 Qd8 16. Rfe1 Bxg3 17. Qxg3 Nf8 18. Rxe8 Nxe8 19. Nf3 Ne6 20. a4 Qf6 21. Rd1 g6 22. Re1 a6 23. Ne5 N8g7 0-1

[Event "FICGS rapid M 000050 email"]
[Site "FICGS email"]
[Date "2011.12.13"]
[Round "1"]
[White "Groves, Don"]
[Black "Lim, Steve"]
[Result "1/2-1/2"]
[WhiteElo "2124"]
[BlackElo "2110"]
[PlyCount "97"]
[EventDate "2011.??.??"]
[EventType "tourn (rapid)"]
[EventRounds "2"]
[SourceTitle "Corr 2022"]
[Source "ChessBase"]
[SourceDate "2021.10.24"]
[SourceVersion "1"]
[SourceVersionDate "2021.10.24"]
[SourceQuality "1"]

1. d4 d5 2. c4 e6 3. Nc3 c6 4. Nf3 dxc4 5. a4 Bb4 6. e3 b5 7. Bd2 a5 8. Ne4 f5 9. Nc3 Nf6 10. axb5 Bxc3 11. Bxc3 cxb5 12. b3 Nd5 13. Bb2 c3 14. Bxb5+ Bd7 15. Bxd7+ Nxd7 16. Ba3 Kf7 17. 0-0 Re8 18. Qc2 Kg8 19. Ne1 Qb6 20. Nd3 Reb8 21. Rfb1 Qc6 22. Nc5 Nxc5 23. Bxc5 Rb5 24. h3 Rab8 25. Ra4 h6 26. Raa1 Kh7 27. Kh1 Qb7 28. e4 fxe4 29. Qxe4+ Kh8 30. Bd6 Nb4 31. Qe2 Rd8 32. Be5 Nc6 33. Qc4 Nxe5 34. dxe5 Rd2 35. f3 c2 36. Rc1 a4 37. Rxc2 Rxc2 38. Qxc2 axb3 39. Qc3 b2 40. Rb1 Kg8 41. Qc2 Kf7 42. Qd2 Rb3 43. Qf4+ Kg8 44. Qc4 Rb6 45. Kh2 Kh8 46. Qc2 Rb4 47. Kg1 Qb8 48. f4 Kg8 49. Kh2 1/2-1/2

[Event "FICGS rapid M 000050 email"]
[Site "FICGS email"]
[Date "2011.12.13"]
[Round "1"]
[White "Lim, Steve"]
[Black "Oortwijn, Ron"]
[Result "1/2-1/2"]
[WhiteElo "2110"]
[BlackElo "2107"]
[PlyCount "92"]
[EventDate "2011.??.??"]
[EventType "tourn (rapid)"]
[EventRounds "2"]
[SourceTitle "Corr 2022"]
[Source "ChessBase"]
[SourceDate "2021.10.24"]
[SourceVersion "1"]
[SourceVersionDate "2021.10.24"]
[SourceQuality "1"]

1. e4 e5 2. Nf3 Nf6 3. Nxe5 d6 4. Nf3 Nxe4 5. d4 d5 6. Bd3 Nc6 7. 0-0 Be7 8. Nbd2 Nxd2 9. Bxd2 Bg4 10. c3 Qd7 11. Re1 0-0 12. h3 Bf5 13. Bf4 Bxd3 14. Qxd3 Bd6 15. Bxd6 Qxd6 16. Re2 Rfe8 17. Rae1 Rxe2 18. Qxe2 h6 19. g3 a6 20. Nh4 Rd8 21. Qe3 Kf8 22. Nf5 Qf6 23. g4 Qg5 24. f4 Qf6 25. Kg2 b5 26. Re2 h5 27. Ng3 hxg4 28. hxg4 Qh4 29. g5 g6 30. Kf3 Qh3 31. Qg1 Kg7 32. Rh2 Qc8 33. f5 Rh8 34. Rxh8 Kxh8 35. Qe3 Kg8 36. fxg6 fxg6 37. Ne2 Qh3+ 38. Kf2 Qf5+ 39. Qf4 Qf7 40. Qxf7+ Kxf7 41. Nf4 Ne7 42. b4 Ke8 43. Ne6 Kd7 44. Nc5+ Kd6 45. Nxa6 Nf5 46. Kf3 Ng7 1/2-1/2

[Event "FICGS rapid M 000048 email"]
[Site "FICGS email"]
[Date "2011.10.02"]
[Round "1"]
[White "Lim, Steve"]
[Black "Perikov, Yuriy"]
[Result "1/2-1/2"]
[WhiteElo "2096"]
[BlackElo "2193"]
[PlyCount "72"]
[EventDate "2011.??.??"]
[EventType "tourn (rapid)"]
[EventRounds "1"]
[SourceTitle "Corr 2022"]
[Source "ChessBase"]
[SourceDate "2021.10.24"]
[SourceVersion "1"]
[SourceVersionDate "2021.10.24"]
[SourceQuality "1"]

1. d4 Nf6 2. c4 e6 3. Nf3 d5 4. g3 dxc4 5. Bg2 Nc6 6. Qa4 Bb4+ 7. Bd2 Nd5 8. Bxb4 Ndxb4 9. Nc3 Bd7 10. 0-0 a5 11. Qd1 0-0 12. e3 a4 13. Qe2 Na5 14. Ne5 a3 15. Nxc4 axb2 16. Qxb2 Nd3 17. Qb1 Nxc4 18. Qxd3 Nd6 19. Rfb1 Ra3 20. Rb3 Ra5 21. Bxb7 c5 22. dxc5 Nxb7 23. Rxb7 Bc6 24. Qxd8 Rxd8 25. Rb3 Kf8 26. a4 Rd3 27. e4 h6 28. Kf1 Rxc5 29. Raa3 f5 30. a5 Ke8 31. a6 fxe4 32. a7 Kd7 33. h4 g6 34. g4 Rf3 35. Ke2 Rc4 36. Ke1 h5 1/2-1/2

[Event "FICGS class A 000107 email"]
[Site "FICGS email"]
[Date "2011.09.12"]
[Round "1"]
[White "Lim, Steve"]
[Black "Kasznia, Ireneusz"]
[Result "1-0"]
[WhiteElo "2096"]
[BlackElo "2001"]
[PlyCount "89"]
[EventDate "2011.??.??"]
[EventType "tourn (corr)"]
[EventRounds "1"]
[SourceTitle "Corr 2022"]
[Source "ChessBase"]
[SourceDate "2021.10.24"]
[SourceVersion "1"]
[SourceVersionDate "2021.10.24"]
[SourceQuality "1"]

1. d4 Nf6 2. c4 g6 3. Nc3 Bg7 4. e4 d6 5. Nf3 0-0 6. h3 e5 7. d5 Nbd7 8. Bd3 Nc5 9. Bc2 a5 10. 0-0 b6 11. Be3 Ba6 12. b3 Nh5 13. a3 Nf4 14. Rb1 h6 15. Re1 Qe7 16. Kh2 Nh5 17. g3 Ra7 18. b4 Nd7 19. bxa5 Bxc4 20. Rb4 Ba6 21. axb6 cxb6 22. Na4 Rc7 23. Nxb6 Nc5 24. a4 Nf6 25. Qd2 Rb8 26. Rc1 Qd8 27. Kg2 Bf8 28. a5 Qe7 29. Bb1 Rcb7 30. Bxh6 Bxh6 31. Qxh6 Be2 32. Nd2 Nfd7 33. Nb3 Nxb6 34. Nxc5 dxc5 35. Rxb6 Rxb6 36. axb6 Rxb6 37. Qe3 Ba6 38. Bc2 Qd6 39. h4 c4 40. h5 gxh5 41. Qg5+ Kf8 42. Rh1 Qf6 43. Qe3 Qh6 44. Qa3+ Kg7 45. Qc3 1-0

[Event "FICGS rapid M 000046 email"]
[Site "FICGS email"]
[Date "2011.08.31"]
[Round "1"]
[White "Gray, Garvin"]
[Black "Lim, Steve"]
[Result "1/2-1/2"]
[WhiteElo "2128"]
[BlackElo "2122"]
[PlyCount "28"]
[EventDate "2011.??.??"]
[EventType "tourn (rapid)"]
[EventRounds "6"]
[SourceTitle "Corr 2022"]
[Source "ChessBase"]
[SourceDate "2021.10.24"]
[SourceVersion "1"]
[SourceVersionDate "2021.10.24"]
[SourceQuality "1"]

1. e4 e6 2. Nf3 d5 3. exd5 exd5 4. Be2 Nf6 5. 0-0 Bd6 6. h3 0-0 7. d4 Bf5 8. c4 dxc4 9. Bxc4 Nc6 10. a3 h6 11. Nc3 a6 12. Re1 Qd7 13. d5 Na5 14. Ba2 Rfe8 1/2-1/2